[Event "DOM-chT"]
[Site "Santiago de los Caballeros"]
[Date "2017.08.17"]
[Round "1.1"]
[White "Luna Zapata, Nidio Esteban"]
[Black "Martinez, Jose Wilfredo"]
[Result "1-0"]
[WhiteElo "1960"]
[BlackElo "1827"]
[PlyCount "121"]
[EventDate "2017.08.17"]
[EventType "team-swiss"]
[EventRounds "6"]
[EventCountry "DOM"]
[SourceTitle "EXT 2019"]
[Source "ChessBase"]
[SourceDate "2018.10.10"]
[SourceVersion "1"]
[SourceVersionDate "2018.10.10"]
[SourceQuality "1"]
[WhiteTeam "Hermanos Vargas"]
[BlackTeam "Maria Trinidad Sanchez"]
[WhiteTeamCountry "DOM"]
[BlackTeamCountry "DOM"]

1. d4 e6 2. c4 c5 3. Nf3 Nf6 4. Nc3 cxd4 5. Nxd4 a6 6. e3 Nc6 7. Be2 Be7 8. b3 0-0 9. Bb2 Qc7 10. 0-0 Rd8 11. Rc1 b6 12. Bd3 Bb7 13. Bb1 Rac8 14. a3 Na5 15. Qc2 g6 16. f4 Ng4 17. Rce1 Bc5 18. Qd1 Nf6 19. f5 Nh5 20. fxg6 hxg6 21. Qg4 Rf8 22. Bxg6 fxg6 23. Qxg6+ Ng7 24. Ndb5 Qe5 25. Nd1 Bxe3+ 26. Rxe3 Rxf1+ 27. Kxf1 Qf5+ 28. Qxf5 Nxf5 29. Nd4 Nxe3+ 30. Nxe3 Rf8+ 31. Kg1 Rf4 32. g3 Rf7 33. Ng4 Kf8 34. a4 Ke7 35. Ne5 Rh7 36. h4 d6 37. Ba3 Rg7 38. Kh2 Kf6 39. Bxd6 Be4 40. g4 Rh7 41. g5+ Kg7 42. Nxe6+ Kg8 43. Kg3 Nxb3 44. g6 Rb7 45. h5 Bf5 46. Nd8 Ra7 47. Ndc6 Rb7 48. Ne7+ Rxe7 49. Bxe7 Nd4 50. Kf4 Bc2 51. Kg5 Nf5 52. Ba3 Ng3 53. h6 Ne4+ 54. Kh4 Nf6 55. Be7 Nh7 56. a5 bxa5 57. c5 Bxg6 58. Nxg6 Kf7 59. c6 Ke6 60. Ne5 Kxe7 61. c7 1-0